000 00471nam a22001337a 4500
999 _c521360
_d521360
008 230127b ||||| |||| 00| 0 eng d
100 _aSingh, Mohinder
_936982
245 _aAn impressionistic note on making delivery of public services effective and efficient
260 _aBihar Journal of Public Administration
300 _a19(1), Jan-Jun, 2022: p.228-231
773 _aBihar Journal of Public Administration
906 _aPUBLIC ADMINISTRATION
942 _cAR